Countries with the Most Medals in Judo - Statistics

General Stats
  • This quiz has been taken 179 times
  • The average score is 7 of 11
Answer Stats
Medals Country % Correct
16 Japan
98%
16 France
92%
13 Russia
76%
15 South Korea
71%
14 Germany
70%
11 United Kingdom
65%
10 Brazil
61%
9 Netherlands
40%
15 Poland
39%
10 Belgium
32%
13 Cuba
20%
No matching quizzes found
Score Distribution
Percent of People with Each Score
Percentile by Number Answered
Your Score History
You have not taken this quiz